00505nam a2200157 a 450000100100000000500170001000800410002702000150006804000250008310000200010824500350012826000410016330000210020495201050022599900170033000004340120201002040900.0140313s1975 sp 000 0 spa d a8427109342 aDO-SdBNPbspacBNPHU1 aDanielou97106110aMemorias /cCardenal Danielou. aBilbao-España :bMensajero,c1975. a194 p. ;c24 cm. 001050718MOaGRbGRcCTd2014-03-13iLF1l0o p43401-10r2020-06-25w2020-06-25y1ZNo se presta c42890d42890